00819cam a2200241 a 4500001000500000005001700005020001800022040002300040050002300063082001200086100003100098245005200129260003300181300004100214500003600255505000800291520016400299521002000463521002000483650002300503650003000526650002100556156920230907100059.0 a9780545493093 aDLCcDLCdDLCbeng00aPZ7.H1164bAk 200200aFic2211 aHaddix, Margaret Peterson.10aAmong the betrayed /cMargaret Peterson Haddix. aNew York :bScholasticc2002 a156 pages :c20 cm billustrations ; aSequel to: Among the imposters. aR  aThirteen-year-old Nina is imprisoned by the Population Police, who give her the option of helping them identify illegal "third-born" children, or facing death. a690 bLexile  aR bRaz-Plus  1aBetrayalvFiction. 1aConduct of lifevFiction. 1aScience fiction.